000 00457nam a2200169 a 4500
001 0000-9024
003 ELIB.Books
008 110520 2003
035 _a(ELIB.Books)0000-9173
082 _aB.Th
_bMyi
100 _aMyint Aye, Saw
245 _aTwenty First Century Mission for Pwo Karen People
260 _bInsein: Karen Baptist Theolgical Seminary
_c2003
650 _aThesis
942 _2ddc
_cBK
998 _cbat
_e2011-05-20
999 _c9024
_d9024